Statistics for Ευρώπη Χάρτης Κουίζ

Click here to take the quiz!

General Stats

  • This quiz has been taken 685 times
  • The average score is 28 of 45

Answers on the Map

Answers color-coded by a green-red scale on the quiz's map according to % correct below.
 

Answer Stats

Answer% Correct
Ιταλία
88%
Ελλάδα
88%
Πορτογαλία
85%
Ηνωμένο Βασίλειο
85%
Ισπανία
85%
Γαλλία
84%
Ρωσία
82%
Ισλανδία
81%
Γερμανία
80%
Ιρλανδία
78%
Νορβηγία
77%
Αλβανια
75%
Σουηδία
73%
Βουλγαρία
73%
Δανία
71%
Φινλανδία
69%
Ουκρανία
69%
Πολωνία
68%
Βέλγιο
66%
Ρουμανία
64%
Ελβετία
60%
Μάλτα
60%
Μακεδόνια
59%
Εσθονία
59%
Αυστρία
59%
Κροατία
58%
Λευκορωσία
57%
Βατικανό
55%
Λουξεμβούργο
54%
Λετονία
54%
Μολδαβία
53%
Τσεχία
52%
Σερβία
52%
Μονακό
51%
Ανδόρρα
49%
Λίχτενσταϊν
48%
Κάτω Χώρες
48%
Λιθουανία
48%
Βοσνία και
Ερζεγοβίνη
48%
Κόσοβο
47%
Άγιος Μαρίνος
47%
Σλοβακία
46%
Ουγγαρία
45%
Μαυροβούνιο
42%
Σλοβενία
40%

Score Distribution

Percentile by Number Answered

Percent of People with Each Score

Your Score History

You have not taken this quiz